000 00610cam a22002293a 4500
001 6304
003 PGUSA
005 20140828083130.0
008 040801s2004||||xxu|||||s|||||000 e eng d
040 _aPGUSA
_beng
042 _adc
050 4 _aPR
100 1 _aZangwill, Israel,
_d1864-1926
245 1 0 _aWithout Prejudice
_h[electronic resource] /
_cIsrael Zangwill
260 _bProject Gutenberg,
_c2004
506 _aPublic domain in the USA.
516 _aElectronic text
653 _aEssays
830 0 _aProject Gutenberg
_v6304
856 4 0 _uhttp://www.gutenberg.org/ebooks/6304
942 _cEB
999 _c235627
_d235627